| 000 | 00905nam a2200289 i 4500 | ||
|---|---|---|---|
| 003 | EG-GICUC | ||
| 005 | 20260217084127.0 | ||
| 008 | 260217b1995 enk||||fr|||| 00| 0 eng d | ||
| 040 |
_aEG-GiCUC _beng _cEG-GiCUC _dEG-GiCUC _erda |
||
| 082 | 0 | 4 |
_221 _a341 |
| 092 | 0 | 4 | _221 |
| 099 | _aLaw 11 1995 | ||
| 100 | 1 | _aCarter, Barry E. | |
| 245 |
_aInternational law / _cBarry E. Carter, Philip R. Trimble. |
||
| 250 | _a2nd edition. | ||
| 264 |
_aBoston : _bLittle, Brown and Company, _c1995. |
||
| 300 |
_alxv, 1526 pages ; _c26 cm. |
||
| 336 |
_2rda content _atext |
||
| 337 |
_2rda media _aComputer |
||
| 338 |
_2rda carrier _aOnline Resource |
||
| 504 | _aincludes bibliographical references (1508-1510) and index. | ||
| 650 | 0 | _aInternational law | |
| 700 | 1 | _aTrimble, Philip R. | |
| 856 | 4 | 0 | _uhttps://fll.law.cu.edu.eg/fulltext/bks/ENGB11-00140.pdf |
| 905 | _a10 | ||
| 942 |
_2ddc _cBK _e21 _n0 |
||
| 999 |
_c63229 _d63229 |
||